000 03058nam a2200241 a 4500
999 _c615
_d615
003 AR-BaISA
005 20190625162846.0
007 ta
008 190625s2015 mx ad||| |||| 001 0 spa d
020 _a9786074484816
040 _cAR-BaISA
082 0 4 _222
_a616.462 B192
100 1 0 _91492
_aBalderas Rentería, Isaías
_eaut.
245 1 0 _aDiabetes, obesidad y síndrome metabólico:
_bun abordaje multidisciplinario /
_cIsaías Balderas Rentería
260 _aMéxico D.F.:
_bEl Manual Moderno,
_c2015
300 _aXI, 347 p.:
_bil., graf.
504 _aBibliografía al final de cada capítulo
505 _tOmar González Santiago / Epidemiología en las enfermedades crónicas no transmisibles en México --
_tDalila Balderas Rentería y Isaías Balderas Rentería / Atención holística del paciente diabético --
_tDalila Balderas Rentería y Isaías Balderas Rentería / Control integral del sobrepeso y la obesidad --
_tBenito David Mata Cárdenas, María del Rayo Camacho Corona / Sinopsis de la diabetes --
_tPatricia González Barranco, Manuel Alejandro Valdéz Navarro y Sandra Leticia Gracia Vásquez / Complicaciones de la diabetes, cuadros clínicos, diagnóstico y tratamientos --
_tSandra Castillo Guzmán y Patricia González Barranco / Neuropatía diabética --
_tAbraham García / Bases moleculares y farmacológicas de los tratamientos de la diabetes mellitus tipo 2 --
_tSandra Leticia Gracia Vásquez, Luis Gerardo Alcalá Galvány Patricia González Barranco / Fármacos para el tratamiento de la diabetes --
_tMaría del Rayo Camacho Corona, Juan Manuel De Jesús Favela Hernández y Benito David Mata Cárdenas / Fármacos antidiabéticos de origen natural --
_tAbraham García / Diseño y desarrollo de nuevos fármacos antidiabéticos --
_tIsaías Balderas Rentería y Elvira Garza González / Medicina genómica y tratamiento génico-celular para la diabetes --
_tBenito David Mata Cárdenas y Myrna Laura Yeverino Gutiérrez / Panorama general de la obesidad y el síndrome metabólico --
_tMaría del Rosario González González y Isaías Balderas Rentería / El adipocito como célula endocrina --
_tSandra Leticia Gracia Vásquez, Ivonne Antonieta Camacho Mora y Omar González Santiago / Fármacos para el tratamiento del síndrome metabólico --
_tOmar González Santiago y Sandra Leticia Gracia Vásquez / Obesidad infantil --
_tBertha Guadalupe Navarro Wallmark / Alternativas terapéuticas quirúrgicas para la obesidad --
_tJuan Manuel De Jesús Favela Hernández y María del Rayo Camacho Corona / Alternativas de origen natural para el tratamiento de la obesidad --
_tGildardo Rivera Sánchez, Antonio Moreno, Ninfa María Rosas García y Virgilio Bocanegra García / Fármacos para el tratamiento de la obesidad: pasado, presente y futuro --
_tIsaías Balderas Rentería / Predisposición genética a la obesidad y nuevos tratamientos génicos
650 1 4 _9977
_aDiabetes
_xtratamiento
650 1 4 _91332
_aTratamiento de la obesidad
650 1 4 _91493
_aSíndrome metabólico
_xtratamiento
942 _2ddc
_cLI